Statistics for Muse Lyrics - All (No clues!)

Click here to take the quiz!

General Stats

  • This quiz has been taken 416 times
  • The average score is 32 of 78

Answer Stats

Answer% Correct
I
96%
I
96%
I
96%
I
96%
I
96%
I
96%
I
96%
a
91%
You
87%
the
86%
the
86%
the
86%
And
63%
And
63%
And
63%
And
63%
And
63%
And
63%
And
63%
To
61%
to
61%
To
61%
to
61%
it
59%
in
56%
is
56%
am
49%
am
49%
am
49%
my
48%
I'm
36%
up
32%
I'll
31%
I'll
31%
I'll
31%
I'll
31%
never
31%
won't
31%
won't
31%
won't
31%
give
30%
Yes,
30%
Yes
30%
win
24%
win!
24%
win
24%
gonna
23%
gonna
23%
gonna
23%
lose
23%
mine
23%
light
22%
Because
21%
choose
20%
choose
20%
Race,
20%
race
20%
race
20%
takes
20%
keep
19%
pull
19%
stay
19%
survive
19%
Whatever
19%
Yeah,
19%
fuse
18%
human
18%
life's
18%
ahead
17%
whole
17%
strength
16%
alive
15%
pace
15%
prepared
14%
reveal
13%
Vengeance
13%
thrive
12%
forgive
11%

Score Distribution

Percentile by Number Answered

Percent of People with Each Score

Your Score History

You have not taken this quiz